000 01384nam a2200385 a 4500
001
003 DO-SdBPM
005 20250909104308.0
007 ta
008 100825s2014 dr c 000 0bspa d
020 _a9789945468304
040 _aDO-SdBPM
_bspa
_cBPMSU
_erda
082 4 _a923.57293
_bL965G, 2014
_222
092 _a.
100 1 _aCassá, Roberto
_d1948-
_eautor
245 1 0 _aGregorio Luperón /
_cRoberto Cassá ; ilustraciones José Mercader
246 1 3 _aGregorio Luperón :
_bel guerrillero de la libertad.
250 _a 4a. ed.
260 _a
_b
_b
_c
264 _aSanto Domingo :
_bEditora Alfa y Omega,
_c2014
300 _a 66 páginas ;
_c22 cm.
_b
336 _atexto
_btxt
_2rdacontent
337 _asin mediación
_bn
_2rdamedia
338 _aVolumen
_bnc
_2rdacarrier
490 0 _aBiografías dominicanas
500 _3Incluye referencias bibliográficas y notas al pie de las páginas
533 _aFacsímil:
_bSantiago, República Dominicana:
_cEditorial El Diario,
_d1939
586 _aPrimer Premio en el Concurso de Historia del Centenario de la Restauración.
600 1 4 _aLuperón Guegorio
_d1839-1897
651 4 _aRepública Dominicana
_xHistoria
_yRestauración, 863-1865
700 1 _aMercader, José
_e ilustraciones
710 2 _aTobogán
910 _aVMateo V. Control de calidad. BPMSU
942 _2ddc
_cBK
999 _c15375
_d15375